Śtúdium vlastností materiálov pripravených z povlako-vaných práškov (Study of material properties prepared from coated po-wders.)[CD-ROM] : diplomová práca
Gespeichert in:
| 1. Verfasser: | |
|---|---|
| Weitere Verfasser: | |
| Format: | Manuskript Buch |
| Sprache: | Slowakisch |
| Veröffentlicht: |
Bratislava :
STU v Bratislave SjF,
2008
|
| Ausgabe: | 1.vyd. |
| Schlagworte: | |
| Tags: |
Keine Tags, Fügen Sie das erste Tag hinzu!
|
MARC
| LEADER | 00000ntm a22000003a 4500 | ||
|---|---|---|---|
| 001 | stu177854 | ||
| 005 | 20150617230043.2 | ||
| 008 | 090113s2008----xo------------------slo-d | ||
| 040 | |a STU |b slo | ||
| 041 | 0 | |a slo | |
| 044 | |a xo | ||
| 100 | 1 | |a Adamka, Jozef, |d 1983- |4 aut |u J280 |9 100 |U SjF Ústav technológií a materiálov |T SjF Katedra materiálov a technológií |X 28636 |U J280 |Y 52 |7 A000028636 | |
| 245 | 1 | |a Śtúdium vlastností materiálov pripravených z povlako-vaných práškov (Study of material properties prepared from coated po-wders.)[CD-ROM] : |b diplomová práca | |
| 250 | |a 1.vyd. | ||
| 260 | |a Bratislava : |b STU v Bratislave SjF, |c 2008 | ||
| 300 | |a 76 s | ||
| 650 | 7 | |a prášková metalurgia |2 stusub | |
| 650 | 7 | |a kompozitný materriál |2 stusub | |
| 650 | 7 | |a povlakované prášky |2 stusub | |
| 650 | 7 | |a Powder metalurgy, |2 estusub | |
| 650 | 7 | |a composite materials |2 estusub | |
| 700 | 1 | |a Emmer, Štefan, |d 1948- |4 xxx |u J280 |U SjF Ústav technológií a materiálov |T SjF Katedra materiálov a technológií |X 2437 |U J280 |Y 52 |7 A000002437 | |
| 996 | |b 284J035157 |c J*157/DP |l JJSK |s A |a 24 |w stu177854_0001 | ||